000 00764nam a2200253 i 4500
001 C2-0310346
003 PPAK
005 20250324113831.0
008 110615s2011 my e | 0 f may d
020 _a9789670184081
_qpaperback
040 _aPPAK
_beng
_cPPAK
_erda
082 0 4 _223
_a899.2333
090 0 0 _a899.2333
_bSIT
_dG
100 0 _aSiti Nur Dhuha,
_eauthor.
245 1 0 _aHINGGA KE AKHIRNYA /
_cSITI NUR DHUHA ; Editor: Norsuraya Desa
264 1 _aShah Alam, Selangor :
_bGrup Buku Karangkraf,
_c2011
300 _a716 pages ;
_c18 cm
336 _2rdacontent
_atext
337 _2rdamedia
_aunmediated
338 _2rdacarrier
_avolume
650 1 0 _aMalay fiction.
700 0 _aNorsuraya Desa,
_eeditor.
942 _cB
_2ddc
999 _c112793
_d112793